00619nam a2200157 a 450000100100000000500170001000800410002704000250006810000360009324501420012926000390027130000200031004900090033095201050033999900170044400003436620200930073648.0111003s1966 dr 000 0 spa d aDO-SdBNPbspacBNPHU1 aPina Acevedo M., Ramón95511410aOtras vidas paralelas :bTomás Bobadilla y Briones y Rafael F. Bonnelly; gemelos en la traición política /cRamón Pina Acevedo M. aCaracas :bEditora Orinoco,c1966. a72 p. ;c16 cm. aBNPD 0010718PDaPDbPDcCTd2011-10-03iLF1l0o p34366-10r2020-06-25w2020-06-25yLFPDZNo se presta c33857d33857